000 00255nam a22001097a 4500
082 _a294.7
100 _aJames Legge
_980433
245 _aA Record of Buddhistic Kingdoms
260 _a Delhi
_bPallavi Pub
_c2019
650 _aBuddism
_950756
942 _cBK
999 _c63795
_d63795